| 000 | 01060nam a2200193Ii 4500 | ||
|---|---|---|---|
| 003 | JO-AjNU | ||
| 008 | 230605s9999||||xx |||||||||||||| ||und|| | ||
| 040 |
_aJO-AjNU _bara _erda _cJO-AjNU |
||
| 041 | _aara | ||
| 050 | 1 | 4 | _aLA1493.D346 2004 |
| 100 | 3 |
_aالأمانة العامة لإتحاد الجامعات العربية, _eauthor _952192 |
|
| 245 | 0 | 0 | _aورشة العمل الخاصة بالتقويم الذاتي والخارجي للجامعات العربية أعضاء الإتحاد: تنظمها الأمانة العامة لإتحاد الجامعات العربية للفترة بين 4-6 ديسمبر/كانون الأول 2004 ، عمان - المملكة الأردنية الهاشمية ؛ تجارب مختارة |
| 264 | 3 | 1 | _aعمان: الأمانة العامة لإتحاد الجامعات العربية، 2004 |
| 300 | _a106ص | ||
| 336 |
_atext _btxt _2rdacontent |
||
| 337 |
_aunmediated _bn _2rdamedia |
||
| 338 |
_avolume _bnc _2rdacarrier |
||
| 650 | 4 |
_aالتعليم العالي - البلاد العربية _952193 |
|
| 999 |
_aA23105 _c26673 _d26673 |
||